Loading...
| Beliefs | 9 | 13.33 | 100% | 33% | 0% |
| Current Events | 2 | 10.00 | 100% | 0% | 0% |
| Fine Arts - Auditory Fine Arts | 5 | 4.00 | 40% | 0% | 0% |
| Fine Arts - Other Arts | 1 | 20.00 | 100% | 100% | 0% |
| Fine Arts - Visual Fine Arts | 5 | 10.00 | 100% | 0% | 0% |
| Geography | 1 | 10.00 | 100% | 0% | 0% |
| History - American History | 4 | 22.50 | 100% | 100% | 25% |
| History - European History | 3 | 20.00 | 100% | 100% | 0% |
| History - World History | 2 | 15.00 | 100% | 50% | 0% |
| Literature - American Literature | 2 | 10.00 | 100% | 0% | 0% |
| Literature - British Literature | 3 | 10.00 | 100% | 0% | 0% |
| Literature - European Literature | 4 | 15.00 | 100% | 50% | 0% |
| Literature - World Literature | 1 | 0.00 | 0% | 0% | 0% |
| Other Academic | 1 | 10.00 | 0% | 100% | 0% |
| Other Arts: Auditory | 1 | 20.00 | 100% | 100% | 0% |
| Other Arts: Visual | 1 | 10.00 | 100% | 0% | 0% |
| Other Science: Computer Science | 1 | 0.00 | 0% | 0% | 0% |
| Other Science: Earth Science | 1 | 10.00 | 100% | 0% | 0% |
| Philosophy | 4 | 10.00 | 75% | 25% | 0% |
| Science - Biology | 6 | 3.33 | 33% | 0% | 0% |
| Science - Chemistry | 4 | 2.50 | 25% | 0% | 0% |
| Science - Physics | 2 | 0.00 | 0% | 0% | 0% |
| Social Science | 2 | 15.00 | 100% | 50% | 0% |
| 8 | 10.00 | 88% | 13% | 0% |